|
|
|
|
| LEADER |
00852nam a2200205 a 4500 |
| 001 |
GR-Patra36970 |
| 008 |
020716s2003 gr g b 001 b eng d |
| 020 |
|
|
|a 9780471354260
|
| 044 |
|
|
|b nj
|
| 082 |
|
0 |
|a 658.15
|2 23
|
| 100 |
1 |
|
|a Bloxham, Eleanor
|
| 245 |
1 |
0 |
|a Economic value management :
|b applications and techniques /
|c Eleanor Bloxham.
|
| 260 |
|
|
|a Hoboken, N.J. :
|b J. Wiley,
|c c2003
|
| 300 |
|
|
|a xviii, 342 σ. :
|b εικ. ;
|c 24 εκ.
|
| 504 |
|
|
|a Περιλαμβάνει βιβλιογραφίες και ευρετήριο.
|
| 650 |
|
0 |
|a Economic value added
|x Management
|
| 942 |
|
|
|2 ddc
|
| 952 |
|
|
|0 0
|1 0
|2 ddc
|4 0
|6 658_150000000000000_BLO
|7 1
|9 317192
|a LISK
|b LISK
|c BSC
|d 2021-01-17
|e 24
|f 0
|g 0.00
|l 0
|o 658.15 BLO
|p 92410059876
|r 2021-01-17 00:00:00
|t 1
|w 2021-01-17
|y BKN
|x 20140811 0 0
|x GrPaTEI
|
| 971 |
|
|
|a .b26845428
|b 15-04-20
|c 27-09-16
|
| 999 |
|
|
|c 180525
|d 180525
|